| 000 | 00883nam a2200193 4500 | ||
|---|---|---|---|
| 999 |
_c63828 _d63828 |
||
| 003 | Ge_BSU | ||
| 005 | 20260129150842.0 | ||
| 008 | 260129s1966 ge ||||| |||| 00| 0 geo d | ||
| 041 | _ageo | ||
| 080 | _a336 ჩ-21 | ||
| 100 |
_aჩანტლაძე, ვასილ _94363 |
||
| 245 |
_aფინანსური მეცნიერების საგანი და ამოცანები / _c ვასილ ჩანტლაძე. |
||
| 264 |
_aთბილისი : _b საბჭ. საქართველო, _c1966. |
||
| 300 |
_a307 გვ. ; _b 20 სმ. |
||
| 500 | _a სახელთა საძიებლები: გვ. 289-305. | ||
| 504 | _aბიბლიოგრ.: გვ. 254-88 და შენიშვნებში | ||
| 653 | _aფინანსური მეცნიერება | ||
| 942 |
_2udc _cᲬᲘᲒᲜᲘ |
||